Responses for show #2444 - Thursday, March 30, 1995

Bruce Borchardt game 4.

Contestants

Hugh Zegers, a high school teacher originally from The Hague, Netherlands

Jeff Rinde, a teacher originally from Endwell, New York

Bruce Borchardt, a metrologist originally from Denver, Colorado (whose 3-day cash winnings total $44,899)

Jeopardy! Round responses

THE CIVIL WAR
'50s FILM FACTS
FOOD & DRINK
BODIES OF WATER
NOTORIOUS
ENDS IN "GO"
    $100 5
Gettysburg

Bruce
    $100 18
Rommel

Bruce
    $100 14
Hawaii

Jeff
    $100 1
Pacific Ocean

Jeff
    $100 23
Amy Fisher

Hugh
    $100 7
the tango

Bruce
    $200 9
drummer boy

Bruce
    $200 19
Peyton Place

Hugh
    $200 15
the carrot

Bruce
    $200 2
Persian Gulf

Bruce
    $200 24
the Lindbergh kidnapping

Bruce
    $200 8
amigo

Hugh
    $300 11
Atlanta

Hugh
    $300 20
Sinatra

Bruce
    $300 28
Asia

Triple Stumper
    $300 3
Lake Victoria

Bruce
    $300 25
Alcatraz

Bruce
    $300 10
lingo

Jeff
    $400 12
(Jeff: What is Mississippi?)
(Hugh: What is Virginia?)

Alabama

JeffHugh
Triple Stumper
    $400 21
(Jeff: Who is Marilyn Monroe?)

Jayne Mansfield

BruceJeff
    $400 29
Great Britain

Jeff
    $400 4
(Bruce: What is the Caspian Sea?)
(Jeff: What is the Crimean Sea?)

the Black Sea

BruceJeffHugh
    $400 26
Frank James

Bruce
    $400 16
Winnebago

Bruce
    $500 13
Bull Run

Jeff
    $500 22
(Hugh: Um, [*]?)
(Alex: Who is Barbara [*], yes. Well done.)

Hale

Hugh
    $500 30
coffee

Bruce
    $500 6
(Bruce: What is the Rhine?)
(Alex: No, sorry. Had to think further east. [Russian accent] What is [*]?)

the Volga

Bruce
    $500 27
the Vichy government

Bruce
    $500 17
Amerigo

Bruce

Scores at the first commercial break (after clue 15):

Bruce Jeff Hugh
$200 $200 $500

Scores at the end of the Jeopardy! Round:

Bruce Jeff Hugh
$3,800 $200 $1,300

Double Jeopardy! Round responses

FOUNDERS
COLLEGES
GENERAL SCIENCE
DELAWARE
CLOTH & FABRIC
NOVEL OPERAS
    $200 9
Hillary Clinton

Jeff
    $200 16
(George Washington) Carver

Bruce
    $200 2
the heart

Bruce
    $200 1
slaves

Bruce
    $200 23
pool tables

Jeff
    $200 19
The Three Musketeers

Hugh
    $400 10
(Jeff: What are tires?)

spark plugs

Jeff
Triple Stumper
    $400 17
Edison

Bruce
    $400 3
a ring

Jeff
    $400 4
Dover

Bruce
    $400 24
goat

Bruce
    $400 20
The Scarlet Letter

Jeff
    $600 11
Pompeii

Bruce
    $600 18
Trinity

Hugh
    $600 5
X-rays

Bruce
    $600 8
(Jeff: What is Maryland?)

Virginia

BruceJeff
    $600 25
cotton

Bruce
    $600 28
(Bruce: What are The Pickwick Papers?)

A Christmas Carol

Bruce
Triple Stumper
    $800 14
(Jeff: Who is Roger Williams?)
(Hugh: Who is Bradford?)

John Alden, Miles Standish, William Brewster

JeffHugh
Triple Stumper
    $1,000 21
George III

Jeff
    $800 6
(Jeff: What are simians?)
(Bruce: What are primates?)

prosimians

BruceJeff
Triple Stumper
    $800 12
the Know Nothings

Bruce
    $800 26
linsey-woolsey

Jeff
    $1000 15
Sinn Féin

Bruce
    $1000 22
the Folger Library

Bruce
    $1000 7
(Bruce: What is malleable?)
...
(Alex: If you had a second choice, Bruce, what--)
(Bruce: [*].)
(Alex: [*], yes.)

ductile

Bruce
Triple Stumper
    $1000 13
The Netherlands

Jeff
    $1000 27
brocade

Triple Stumper

Scores at the end of the Double Jeopardy! Round:

Bruce Jeff Hugh
$8,400 $1,600 $1,300
(lock game)

[wagering suggestions for these scores]

Final Jeopardy! Round responses

COUNTRIES OF THE WORLD
HughWhat is Indonesia?
$1,200
JeffWhat is Indonesia?
$1,001
BruceWhat is the Great Barrier Reef?
$5,200
Indonesia

Final scores:

Bruce Jeff Hugh
$3,200 $2,601 $2,500
4-day champion: $48,099 + Jeopardy! home game 2nd place: Klipsch speakers + a SoftSauna steam room + the Jeopardy! home game 3rd place: Krups appliances + the Jeopardy! home game

Game dynamics:

Coryat scores:

Bruce Jeff Hugh
$8,900 $1,400 $1,300
29 R,
5 W
(including 1 DD)
12 R
(including 1 DD),
7 W
8 R,
2 W

Combined Coryat: $11,600

The J! Archive is created by fans, for fans. The Jeopardy! game show and all elements thereof, including but not limited to copyright and trademark thereto, are the property of Jeopardy Productions, Inc. and are protected under law. This website is not affiliated with, sponsored by, or operated by Jeopardy Productions, Inc. Join the discussion at JBoard.tv.